000 00635nam a2200241Ia 4500
005 20260430150414.0
008 008 250103s9999 xx 000 0 eng d
037 _aTheses
040 _aCRL
040 _beng
040 _ceng
041 _2eng
041 _aeng
084 _qCRL
100 _aSingh Ajeet Au.; Dash Sandipani Gu.
_91237403
245 0 _aAfrican Diaspora in Western India: Origin and Experiences
260 _c2023
300 _a255p.
650 _aSocial Sciences
700 _aUniversity of Delhi. Faculty of Social Sciences. Deptt. of African Studies
942 _cTH
999 _c1849703
_d1849703